| 000 | 00691nam a2200289Ia 4500 | ||
|---|---|---|---|
| 005 | 20260324123358.0 | ||
| 008 | 008 260324s9999 xx 000 0 eng d | ||
| 020 | _a9780203153345 | ||
| 037 | _aEBOOK | ||
| 040 | _aCRL | ||
| 040 | _beng | ||
| 040 | _cCRL | ||
| 041 | _2eng | ||
| 041 | _aeng | ||
| 084 | _qCRL | ||
| 100 |
_aPaul Arnell _91170080 |
||
| 245 | 0 | _aLaw Across Borders | |
| 245 | 4 | _bThe Extraterritorial Application of United Kingdom Law | |
| 260 | _bTaylor and Francis | ||
| 260 | _c2012 | ||
| 365 | _a | ||
| 365 | _b65.99 | ||
| 856 | _uhttp://www.taylorfrancis.com/books/9780203153345 | ||
| 942 | _cEBOOK | ||
| 999 |
_c1763567 _d1763567 |
||